イントロクイズ #4 - Statistics

General Stats
  • This quiz has been taken 884 times
  • The average score is 8 of 30
Answer Stats
Intro Answer % Correct
無敵の笑顔で荒らすメディア 知りたいその秘密ミステリアス アイドル
94%
歩こう 歩こう 私は元気 さんぽ
73%
何でもかんでもみんな 踊りを踊っているよ おどるポンポコリン
70%
誰にも見せない涙があった 人知れず流した涙があった 栄光の架橋
58%
I want you! I need you! I love you! 頭の中 ヘビーローテーション
54%
流れる季節の真ん中で ふと日の長さを感じます 3月9日
46%
僕らが生まれてくる ずっとずっと前にはもう アポロ
40%
幽閉利口 逝く前に ユーヘイじゃ利口に難儀ダーリン KING
40%
ブンブンブン ブンブンブン ブンブンブン ブンブンブン ○○○ インフルエンサー
39%
ねぇ あんたわかっちゃいない 阿修羅ちゃん
37%
○○○で遊ぼうよ ドキドキしたいじゃんか誰だって 乙女解剖
33%
Welcome to ○○○! 今日もドッタンバッタン大騒ぎ ようこそジャパリパークへ
32%
人が溢れた交差点を どこへ行く? サイレントマジョリティー
22%
曲がりくねった道の先に 待っているいくつもの小さな光 WINDING ROAD
18%
朝目が覚めて真っ先に思い浮かぶ 君のこと メルト
15%
中川に浮かぶ夕陽をめがけて 小石を蹴ったら靴まで飛んで 葛飾ラプソディー
15%
きっと手を繋ぐだけで ゾッとされる ヴィラン
14%
I'll be your ○○○ I'll be your ○○○ Hero
14%
マジで焦っちゃって 見つめるだけで TT -Japanese Ver.-
14%
おっしゃ Let's おっしゃ Let's おっしゃ Let's 世界征服だ インベーダーインベーダー
13%
人にやさしくされた時 自分の小ささを知りました あなたに
10%
困った時は助け合おうか 決してそんな関係じゃなかった
8%
光彩が輝く 鮮やかに一つ一つ R.Y.U.S.E.I.
8%
Woh oh oh! Oh oh oh oh oh! 夢見る未来へと 雑草
7%
余裕がなくて 優しくなれない ハピネス
3%
ちゅめてちゅめて飛び切り以外 いやだいやだのなの風 AIAIAI (feat. 中田ヨシタカ)
3%
「4月の夜は まだ少し肌寒いね」 桜が降る夜は
2%
Chance! Chance! wow wow wow!! ピンチだって負けない ダイヤモンドハッピー
2%
5分おきになる目覚まし お願い寝かせてもう少し Have a nice day
2%
目を閉じて視えるその 指先へめがけた Hand in Hand
1%
No matching quizzes found
Score Distribution
Percent of People with Each Score
Percentile by Number Answered
Your Score History
You have not taken this quiz